00907nam a2200265Ia 450000500170000000800410001702000150005808200170007310000360009024500540012625000110018030000660019149000430025750000210030065000460032165000500036765000380041794200120045526400360046733600270050333700330053033800280056304000350059199900150062620220317000155.0141031s9999 xx 000 0 und d a9589798179 a595.44bU73a10aUribe Hurtado, Cristinad 1956-14aLas arañas somos sensacionales cCristina Uribe a2a ed. a33 páginas bilustraciones y fotografías en colorc21 cm. a Libros educativos Quiénes somos...  aIncluye glosario14a Aracnidos 2LEMBx Hábitos y conducta 14aArañas xLiteratura infantilxFotografías14aArácnidos xLiteratura infantil 2ddccBK aBogotá bCristina Uribec2009 atextobtxt2rdacontent asin mediaciónbn2rdamedia avolumenbnc2rdacarrier aCO-BoRNBPbspaerdacCO-BoRNBP c3307d3307